Ammonia. Pt 4 (Record no. 36397)

MARC details
000 -LEADER
fixed length control field 00284nam a2200121Ia 4500
082 ## - DEWEY DECIMAL CLASSIFICATION NUMBER
Classification number 546.171
Item number SLA
245 #0 - TITLE STATEMENT
Title Ammonia. Pt 4
260 ## - PUBLICATION, DISTRIBUTION, ETC. (IMPRINT)
Place of publication New York
Name of publisher Dekker
Year of publication 1979
700 ## - ADDED ENTRY--PERSONAL NAME
Personal name James, Russell
700 ## - ADDED ENTRY--PERSONAL NAME
Personal name Slack, A V
942 ## - ADDED ENTRY ELEMENTS (KOHA)
Koha item type Books
Holdings
Withdrawn status Lost status Damaged status Not for loan Home library Current library Date acquired Cost, normal purchase price Full call number Accession Number Koha item type
        RRII Library RRII Library 16/12/2021 39.25 546.171 SLA 16804 Books